Champion NFL franchise - Statistiques

Statistiques générales
  • Ce quiz a été pris 312 fois
    70 depuis la dernière actualisation
  • Le résultat moyen est 16 sur 20
Statistiques - réponses
Super bowl remportés Dernière année Reponse % Correct
6 2018 Patriots
98%
4 2023 Chiefs
93%
2 2024 Eagles
93%
2 2025 Seahawks
90%
5 1994 49ers
86%
5 1995 Cow-boys
85%
2 2021 Rams
85%
4 2011 Giants
83%
6 2008 Steelers
81%
2 2020 Buccaneers
76%
2 1973 Dolphins
76%
1 1968 Jets
76%
3 2015 Broncos
75%
4 2010 Packers
73%
3 1983 Raiders
73%
2 2012 Ravens
71%
3 1991 Commanders
68%
2 2006 Colts
63%
1 1985 Bears
61%
1 2009 Saints
54%
Aucun quiz correspondant
Distribution des résultats
% des personnes avec chaque résultat
Percentile par nombre de réponses
Votre historique - résultats
Vous n’avez pas pris ce quiz depuis la dernière actualisation